00329nam a2200109Ia 4500008004100000082002100041100002500062245001600087260003400103630001800137650006400155211122s9999||||xx |||||||||||||| ||und|| a894.812 3bMAN-P aManganam Kuttappan,  0aPerumalpara bCurrent BooksaKottayamc2001 xGeneral Stack aMalayalam LiteraturevMalayalam Fiction LiteratureMalayalam